000 00636nam a2200193Ii 4500
003 JO-AjNU
008 230605s9999||||xx |||||||||||||| ||und||
040 _aJO-AjNU
_bara
_erda
_cJO-AjNU
041 _aara
050 1 4 _aNA380 1992
100 3 _aعثمان، محمد عبد الستار,
_eauthor
_936353
245 0 0 _aموسوعة الفنون العربية الإسلامية
264 3 1 _aد.م: د.ن، 1992
300 _a406ص
336 _atext
_btxt
_2rdacontent
337 _aunmediated
_bn
_2rdamedia
338 _avolume
_bnc
_2rdacarrier
650 4 _aالعمارة الإسلامية - الفن الإسلامي
_936354
999 _aA15096
_c18664
_d18664